| 000 | 01210nam a22003617a 4500 | ||
|---|---|---|---|
| 003 | CHAP | ||
| 005 | 20220329143540.0 | ||
| 008 | 100514s1996 us a r 00010 eng d | ||
| 010 | _a98403 | ||
| 011 | _a99375 | ||
| 035 | _a110061 | ||
| 040 | _cCHAP | ||
| 090 | _aFolleto 17691 | ||
| 100 | 0 | 0 |
_aKvist, Lars Peter. _964158 |
| 245 | 1 | 0 |
_aRevision of Pearcea (Gesneriaceae) _c/por Lars Peter Kvist and Laurence E. Skog |
| 260 |
_aWashington, D.C. : _bSmithsonian Institution, _c1996 |
||
| 300 |
_a47 p. : _bilus. |
||
| 490 | 0 |
_aSmithsonian contributions to botany _v; 84 |
|
| 590 |
_aBATCH-UPD _b10 _c20130110 _lUCH01 _h1629 |
||
| 590 |
_aBATCH-UPD _b10 _c20130410 _lUCH01 _h1022 |
||
| 590 |
_aBATCH-UPD _b10 _c20130914 _lUCH01 _h0738 |
||
| 590 |
_aCONVERSION _b10 _c20130109 _lUCH01 _h1354 |
||
| 650 | 1 | 4 |
_aBotánica _xClasificación. _914516 |
| 650 | 1 | 4 |
_aGesneriaceae. _947796 |
| 650 | 1 | 4 |
_aPlantas _xIdentificación. _988842 |
| 650 | 1 | 4 |
_aVioletas. _9119893 |
| 700 | 0 |
_aSkog, Laurence E. _9106832 |
|
| 830 | 0 |
_aSmithsonian contributions to botany _v; 84 _9107168 |
|
| 901 | _aBK | ||
| 911 | _aen proceso | ||
| 942 | _cFOLL | ||
| 949 |
_aFolleto 17691 _bBC _cFOLL _d33724002127017 _eTS1 _gI.c/e _h112535 _i110061 _sb |
||
| 999 |
_c98403 _d98403 |
||